How fast can you type #3 - Statistics

General Stats
  • This quiz has been taken 880 times
    879 since last reset
  • The average score is 47 of 49
Answer Stats
Hint Answer % Correct
that that
100%
two two
99%
you you
99%
q-tip q-tip
98%
text text
98%
ding ding
97%
dong dong
97%
free free
97%
fun fun
97%
grab grab
97%
have have
97%
ipod ipod
97%
option option
97%
poop poop
97%
say say
97%
state state
97%
they they
97%
think think
97%
time time
97%
use use
97%
away away
96%
because because
96%
could could
96%
enter enter
96%
famous famous
96%
going going
96%
hiphen hiphen
96%
hour hour
96%
lame lame
96%
maggots maggots
96%
minute minute
96%
okay okay
96%
power power
96%
too too
96%
space space
95%
arithmatic arithmatic
94%
in in
94%
keyboard keyboard
94%
not not
92%
almost almost
91%
there there
91%
the're the're
91%
sophisticated sophisticated
90%
their their
90%
gonna gonna
89%
interesting interesting
89%
is is
89%
it it
89%
type type
89%
No matching quizzes found
Score Distribution
Percent of People with Each Score
Percentile by Number Answered
Your Score History
You have not taken this quiz since the last reset